<?xml version="1.0" encoding="UTF-8"?>
<collection xmlns="http://www.loc.gov/MARC21/slim">
 <record>
  <leader>01105pam a22002658a 4500</leader>
  <controlfield tag="001">00028165</controlfield>
  <controlfield tag="005">20171026081022.0</controlfield>
  <controlfield tag="008">120220s2005                  ||||||Viesd</controlfield>
  <datafield tag="020" ind1=" " ind2=" ">
   <subfield code="c">65500</subfield>
  </datafield>
  <datafield tag="041" ind1="0" ind2="#">
   <subfield code="a">Vie</subfield>
  </datafield>
  <datafield tag="082" ind1="1" ind2="4">
   <subfield code="a">551.9</subfield>
   <subfield code="b">Đ301H</subfield>
  </datafield>
  <datafield tag="100" ind1="1" ind2="#">
   <subfield code="a">Đặng, Trung Thuận</subfield>
  </datafield>
  <datafield tag="245" ind1="1" ind2="0">
   <subfield code="a">Địa hóa học</subfield>
   <subfield code="c">Đặng Trung Thuận</subfield>
  </datafield>
  <datafield tag="260" ind1="#" ind2="#">
   <subfield code="a">Hà Nội</subfield>
   <subfield code="b">Đại học Quốc gia Hà Nội</subfield>
   <subfield code="c">2005</subfield>
  </datafield>
  <datafield tag="300" ind1="#" ind2="#">
   <subfield code="a">416tr.</subfield>
   <subfield code="c">27cm.</subfield>
  </datafield>
  <datafield tag="504" ind1="#" ind2="#">
   <subfield code="a">Thư mục: tr. 415 - 416</subfield>
  </datafield>
  <datafield tag="653" ind1="#" ind2="#">
   <subfield code="a">Khoa học trái đất</subfield>
  </datafield>
  <datafield tag="653" ind1="#" ind2="#">
   <subfield code="a">Trái đất</subfield>
  </datafield>
  <datafield tag="653" ind1="#" ind2="#">
   <subfield code="a">Địa hóa học</subfield>
  </datafield>
  <datafield tag="852" ind1="#" ind2="#">
   <subfield code="b">Kho giáo trình</subfield>
   <subfield code="j">KGT.0034077, KGT.0034078, KGT.0034079, KGT.0034080, KGT.0034081, KGT.0034082, KGT.0034083, KGT.0034084, KGT.0034085, KGT.0034086</subfield>
  </datafield>
  <datafield tag="852" ind1="#" ind2="#">
   <subfield code="b">Kho mượn</subfield>
   <subfield code="j">KGT.0034077</subfield>
  </datafield>
  <datafield tag="852" ind1="#" ind2="#">
   <subfield code="b">Kho đọc</subfield>
   <subfield code="j">KD.0012528</subfield>
  </datafield>
  <datafield tag="852" ind1="#" ind2="#">
   <subfield code="j">KGT.0034078</subfield>
   <subfield code="j">KGT.0034079</subfield>
   <subfield code="j">KGT.0034081</subfield>
   <subfield code="j">KGT.0034082</subfield>
   <subfield code="j">KGT.0034084</subfield>
   <subfield code="j">KGT.0034085</subfield>
   <subfield code="j">KD.0012528</subfield>
   <subfield code="j">KGT.0034077</subfield>
   <subfield code="j">KGT.0034080</subfield>
   <subfield code="j">KGT.0034083</subfield>
   <subfield code="j">KGT.0034086</subfield>
  </datafield>
  <datafield tag="910" ind1="0" ind2="#">
   <subfield code="a">Nhi</subfield>
   <subfield code="d">20/02/2012</subfield>
  </datafield>
  <datafield tag="980" ind1="#" ind2="#">
   <subfield code="a">Trung tâm Học liệu Lê Vũ Hùng, Trường Đại học Đồng Tháp</subfield>
  </datafield>
 </record>
</collection>
